• 首页
  • 本馆介绍
  • 公告通知
  • 最新文献
  • 馆藏检索
  • 电子资源
  • 读者导购
  • 参考咨询
  • 我的图书馆
  • 登录
  • 详细信息显示
  • 放入我的书架
  • 预约/预借图书
  • 作者相关作品
  • 分类相关作品
  • 丛书相关作品
  • 出版社相关作品

书目信息

  • 表格格式
  • 工作单格式
  • 卡片格式
题名:
稀土农林研究与应用
    
 
作者: 熊炳昆 , 陈蓬 , 郭伯生 , 郑伟 , 王锋 编著
分册:  
出版信息: 北京   冶金工业出版社  2000
页数: 421页
开本: 20cm
丛书名:
单 册:
中图分类: S13
科图分类:
主题词: 农业化学 , 稀土化合物--应用--农业 , 稀土化合物--应用--林业
电子资源:
ISBN: 7-5024-2487-3
000 00740nam0 2200265 45
001 0302180900
005 20031219104103.7
010    @a7-5024-2487-3@dCNY28.00
100    @a20030218d2000 km y0chiy0120 ea
101 0  @achi
105    @a z 000yy
200 1  @a稀土农林研究与应用@AXi Tu Nong Lin Yan Jiu Yu Ying Yong@f熊炳昆编著@FXiong Bing Kun Bian Zhu
210    @a北京@c冶金工业出版社@d2000
215    @a421页@d20cm
606 0  @a农业化学
606 0  @a稀土化合物@x应用@x农业
606 0  @a稀土化合物@x应用@x林业
690    @aS13@v4
701  0 @a熊炳昆@4编著
701  0 @a陈蓬@4编著
701  0 @a郭伯生@4编著
701  0 @a郑伟@4编著
701  0 @a王锋@4编著
801    @aCN@bTSTC@c20030218
905    @b319762-764@dS13@e22@f3
    
    稀土农林研究与应用/熊炳昆编著.-北京:冶金工业出版社,2000
    421页;20cm
    
    
    ISBN 7-5024-2487-3:CNY28.00
    
●
相关链接 在E读中查询图书 在五车中查询图书 在当当中查询图书 在豆瓣中查询图书


正题名:稀土农林研究与应用     索取号:S13/22         预约/预借

序号 登录号 条形码 馆藏地/架位号 状态 备注
1 0319762   203197628   第三借阅区/ [索取号:S13/22] 在馆    
2 0319763   203197637   第三借阅区/ [索取号:S13/22] 在馆    
3 0319764   203197646   第二样本阅览室/ [索取号:S13/22] 在馆    
唐山师范学院图书馆 欢迎您!
大连网信软件有限公司© 版权所有